| 000 | 00485nam a2200193Ia 4500 | ||
|---|---|---|---|
| 005 | 20260605142652.0 | ||
| 008 | 131103s9999 xx 000 0 und d | ||
| 040 | _aLoreto College | ||
| 041 | _aEnglish | ||
| 082 |
_a843 _bCOU |
||
| 100 | _aCoulevain, Pierre De | ||
| 245 |
_aLe roman merveilleux _cPierre De Coulevain |
||
| 260 |
_aParis _bCalmann - Levy _c1913 |
||
| 300 | _avi,409p. | ||
| 650 | _aFrench fiction | ||
| 651 | _aRoman fiction | ||
| 850 | _aLCLIB | ||
| 942 | _cBK | ||
| 999 |
_c23943 _d74422 |
||